[Event "Mid Bohemia Region-chT 2223"]
[Site "Czech Republic"]
[Date "2023.02.26"]
[Round "9.2"]
[White "Krizek, Krystof"]
[Black "Novotny, David"]
[Result "0-1"]
[WhiteElo "2030"]
[BlackElo "1993"]
[PlyCount "62"]
[EventDate "2022.10.09"]
[EventType "team-tourn"]
[EventRounds "11"]
[EventCountry "CZE"]
[SourceTitle "EXT 2024"]
[Source "ChessBase"]
[SourceDate "2023.10.10"]
[SourceVersion "1"]
[SourceVersionDate "2023.10.10"]
[SourceQuality "1"]
[WhiteTeam "Vlasim II"]
[BlackTeam "Ricany III"]
[WhiteTeamCountry "CZE"]
[BlackTeamCountry "CZE"]

1. d4 e6 2. c4 f5 3. g3 Nf6 4. Bg2 Be7 5. Nc3 0-0 6. Nf3 d6 7. 0-0 Ne4 8. Qc2 Nxc3 9. bxc3 Nc6 10. e4 e5 11. c5 f4 12. Qb3+ Kh8 13. Qd5 g5 14. cxd6 cxd6 15. gxf4 gxf4 16. Bb2 Bg4 17. Rad1 Qe8 18. Rd3 Qg6 19. Kh1 Be6 20. Qb5 a6 21. Qb6 Bc4 22. Rdd1 Rab8 23. Ba1 Bb5 24. Rg1 Bd8 25. Nxe5 Nxe5 26. Qa7 Nc6 27. Qxb8 Nxb8 28. c4 Ba4 29. Rb1 Bf6 30. Bf3 Qe8 31. Rxb7 Bc6 0-1

[Event "Mid Bohemia Region-chT 2223"]
[Site "Czech Republic"]
[Date "2023.01.15"]
[Round "6.2"]
[White "Krizek, Krystof"]
[Black "Vrabec, Milos"]
[Result "1/2-1/2"]
[WhiteElo "2030"]
[BlackElo "2107"]
[PlyCount "106"]
[EventDate "2022.10.09"]
[EventType "team-tourn"]
[EventRounds "11"]
[EventCountry "CZE"]
[SourceTitle "EXT 2024"]
[Source "ChessBase"]
[SourceDate "2023.10.10"]
[SourceVersion "1"]
[SourceVersionDate "2023.10.10"]
[SourceQuality "1"]
[WhiteTeam "Vlasim II"]
[BlackTeam "Kostelec nad CL"]
[WhiteTeamCountry "CZE"]
[BlackTeamCountry "CZE"]

1. d4 d5 2. Nc3 e6 3. Bf4 Nf6 4. Nb5 Na6 5. e3 c6 6. Nc3 b5 7. Nf3 Bb4 8. Ne5 Bb7 9. f3 Qa5 10. Qd3 0-0 11. Kf2 Rac8 12. a4 Be7 13. Be2 b4 14. Nb1 Nb8 15. c4 dxc4 16. Nxc4 Qd8 17. Nbd2 c5 18. Nb3 cxd4 19. Nxd4 Nd5 20. Bg3 Nc6 21. Nb5 Ba6 22. Rhd1 Na5 23. Ncd6 Bxd6 24. Bxd6 Bxb5 25. axb5 Qxd6 26. Rxa5 Qxh2 27. Rxa7 Qe5 28. Qd2 b3 29. g3 Rc2 30. Qd4 Qxd4 31. Rxd4 Rxb2 32. Rd3 f5 33. Ra3 Rc8 34. Rdxb3 Rcc2 35. Rxb2 Rxb2 36. e4 fxe4 37. fxe4 Nf6 38. Ra4 Kf7 39. Ke3 Ke7 40. Bc4 Nd7 41. Ra6 e5 42. Rc6 Rb1 43. Kf3 Rb4 44. Kg4 Rb2 45. Kf3 Rb4 46. Ke3 Nb8 47. Re6+ Kd7 48. Bd5 Rxb5 49. Rxe5 Rb6 50. Rh5 h6 51. Rh1 Ke7 52. Rc1 Nd7 53. Rc8 Rg6 1/2-1/2

[Event "CZE-chT2A 2223"]
[Site "Czech Republic"]
[Date "2023.01.08"]
[Round "6.6"]
[White "Bechynsky, Jan"]
[Black "Krizek, Krystof"]
[Result "0-1"]
[WhiteElo "1982"]
[BlackElo "2068"]
[PlyCount "56"]
[EventDate "2022.10.16"]
[EventType "team-tourn"]
[EventRounds "11"]
[EventCountry "CZE"]
[SourceTitle "EXT 2024"]
[Source "ChessBase"]
[SourceDate "2023.10.10"]
[SourceVersion "1"]
[SourceVersionDate "2023.10.10"]
[SourceQuality "1"]
[WhiteTeam "Plzen"]
[BlackTeam "Vlasim"]
[WhiteTeamCountry "CZE"]
[BlackTeamCountry "CZE"]

1. b3 Nf6 2. Bb2 d5 3. Nf3 Bg4 4. e3 e6 5. Be2 Bd6 6. d3 Nbd7 7. c4 Qe7 8. Nbd2 0-0 9. 0-0 a5 10. a4 c6 11. Nd4 Ne5 12. Bxg4 Nexg4 13. N2f3 Qc7 14. h3 Ne5 15. cxd5 Nxd5 16. Re1 Rfd8 17. Nxe5 Bxe5 18. f4 Nxe3 19. Rxe3 Bxd4 20. Bxd4 Rxd4 21. Re4 Rad8 22. Qe2 Qb6 23. Kh2 Rxe4 24. dxe4 Qxb3 25. f5 Qd3 26. Qg4 exf5 27. Qxf5 Qd6+ 28. Kh1 Qf6 0-1

[Event "Mid Bohemia Region-chT 2223"]
[Site "Czech Republic"]
[Date "2022.12.11"]
[Round "5.3"]
[White "Krizek, Krystof"]
[Black "Civin, Dominik"]
[Result "0-1"]
[WhiteElo "2030"]
[BlackElo "2001"]
[PlyCount "44"]
[EventDate "2022.10.09"]
[EventType "team-tourn"]
[EventRounds "11"]
[EventCountry "CZE"]
[SourceTitle "EXT 2024"]
[Source "ChessBase"]
[SourceDate "2023.10.10"]
[SourceVersion "1"]
[SourceVersionDate "2023.10.10"]
[SourceQuality "1"]
[WhiteTeam "Vlasim II"]
[BlackTeam "Zdice"]
[WhiteTeamCountry "CZE"]
[BlackTeamCountry "CZE"]

1. d4 Nf6 2. Nf3 d6 3. Nc3 Nbd7 4. e4 e5 5. Bc4 Be7 6. Bxf7+ Kxf7 7. Ng5+ Kg6 8. h4 h5 9. f4 exf4 10. Bxf4 Nb6 11. 0-0 Nh7 12. Nf3 Rf8 13. Ne2 Kf7 14. c4 Kg8 15. c5 dxc5 16. Ne5 Qe8 17. Qb3+ c4 18. Qg3 Nf6 19. Ng6 Nxe4 20. Nxe7+ Qxe7 21. Qg6 Bg4 22. Rae1 Rf6 0-1

[Event "CZE-chT2A 2223"]
[Site "Czech Republic"]
[Date "2022.10.16"]
[Round "1.6"]
[White "Passer, Lukas"]
[Black "Krizek, Krystof"]
[Result "0-1"]
[WhiteElo "1726"]
[BlackElo "2068"]
[PlyCount "127"]
[EventDate "2022.10.16"]
[EventType "team-tourn"]
[EventRounds "11"]
[EventCountry "CZE"]
[SourceTitle "EXT 2024"]
[Source "ChessBase"]
[SourceDate "2023.10.10"]
[SourceVersion "1"]
[SourceVersionDate "2023.10.10"]
[SourceQuality "1"]
[WhiteTeam "Pribram"]
[BlackTeam "Vlasim"]
[WhiteTeamCountry "CZE"]
[BlackTeamCountry "CZE"]

1. d4 Nf6 2. c4 e6 3. Nf3 b6 4. g3 Bb7 5. Bg2 Be7 6. 0-0 0-0 7. Nc3 d6 8. b3 Nbd7 9. Bb2 a6 10. Qc2 c5 11. e3 Qc7 12. Rfd1 cxd4 13. exd4 Rac8 14. Qd2 d5 15. Ne5 dxc4 16. Bxb7 Qxb7 17. Nxc4 Rfd8 18. Qe2 b5 19. Ne5 Nb6 20. Rac1 Nbd5 21. Qf3 Qa8 22. Ne4 Nxe4 23. Qxe4 Bf6 24. Rc5 Be7 25. Rcc1 Rxc1 26. Rxc1 Rc8 27. Qe1 Bb4 28. Qf1 Bc3 29. Qe2 Qa7 30. Qf3 b4 31. Qe2 h6 32. a3 a5 33. axb4 axb4 34. Qf3 Rc7 35. Ra1 Qxd4 36. Ra8+ Kh7 37. Nxf7 Bxb2 38. Ng5+ Kg6 39. Nxe6 Rc1+ 40. Kg2 Ne3+ 41. fxe3 Rc2+ 42. Kh3 Qd7 43. Qg4+ Kf7 44. Ng5+ Ke7 45. Qxd7+ Kxd7 46. Ne4 Ke6 47. Ra5 Bc3 48. Rc5 Rb2 49. g4 Re2 50. Nxc3 Rxe3+ 51. Kg2 Rxc3 52. Rb5 Rxb3 53. Rb7 Rb2+ 54. Kg3 Rb3+ 55. Kg2 g5 56. Rb5 Kd6 57. h3 Kc6 58. Rb8 Kc5 59. Rh8 Rd3 60. Rc8+ Kd4 61. Rb8 Kc3 62. Rc8+ Kd2 63. Rb8 b3 64. Rb6 0-1

[Event "Ricany op 20th"]
[Site "Ricany"]
[Date "2022.09.02"]
[Round "8"]
[White "Krizek, Krystof"]
[Black "Novak, Jindrich"]
[Result "1/2-1/2"]
[WhiteElo "1961"]
[BlackElo "2093"]
[PlyCount "34"]
[EventDate "2022.08.27"]
[EventType "swiss"]
[EventRounds "9"]
[EventCountry "CZE"]
[SourceTitle "CBM 210 Extra"]
[Source "ChessBase"]
[SourceDate "2022.11.30"]
[SourceVersion "1"]
[SourceVersionDate "2022.11.30"]
[SourceQuality "1"]

1. e4 d6 2. d4 e5 3. Nf3 Nc6 4. Bb5 Bd7 5. Bxc6 Bxc6 6. Nc3 Nf6 7. Qd3 exd4 8. Nxd4 Qd7 9. f3 Be7 10. Bg5 Ng8 11. Be3 Bf6 12. 0-0-0 Ne7 13. g4 a6 14. g5 Bxd4 15. Bxd4 Rc8 16. f4 f6 17. Kb1 f5 1/2-1/2

[Event "Ricany op 20th"]
[Site "Ricany"]
[Date "2022.08.28"]
[Round "3"]
[White "Krizek, Krystof"]
[Black "Cabart, Pavel"]
[Result "1-0"]
[WhiteElo "1961"]
[BlackElo "1757"]
[PlyCount "44"]
[EventDate "2022.08.27"]
[EventType "swiss"]
[EventRounds "9"]
[EventCountry "CZE"]
[SourceTitle "CBM 210 Extra"]
[Source "ChessBase"]
[SourceDate "2022.11.30"]
[SourceVersion "1"]
[SourceVersionDate "2022.11.30"]
[SourceQuality "1"]

1. e4 c5 2. d4 cxd4 3. c3 dxc3 4. Nxc3 Nc6 5. Bc4 d6 6. Nf3 a6 7. 0-0 Nf6 8. Qe2 Bg4 9. Rd1 Qc7 10. h3 Bxf3 11. gxf3 e6 12. Be3 Be7 13. Rac1 0-0 14. Bd3 Qa5 15. Bb1 Qh5 16. Kg2 d5 17. Bf4 d4 18. Na4 e5 19. Bg3 Nd7 20. a3 Rac8 21. b4 b5 22. Nb2 Nb6 1-0

[Event "Ricany op 20th"]
[Site "Ricany"]
[Date "2022.08.27"]
[Round "1"]
[White "Krizek, Krystof"]
[Black "Hampel, Rudolf"]
[Result "1-0"]
[WhiteElo "1961"]
[BlackElo "1597"]
[PlyCount "45"]
[EventDate "2022.08.27"]
[EventType "swiss"]
[EventRounds "9"]
[EventCountry "CZE"]
[SourceTitle "CBM 210 Extra"]
[Source "ChessBase"]
[SourceDate "2022.11.30"]
[SourceVersion "1"]
[SourceVersionDate "2022.11.30"]
[SourceQuality "1"]

1. e4 c5 2. Nf3 d6 3. d4 cxd4 4. Nxd4 Nf6 5. Nc3 a6 6. h4 e6 7. g4 Nc6 8. g5 Nd7 9. Be3 Be7 10. Qd2 Nxd4 11. Qxd4 e5 12. Qd2 Nb6 13. 0-0-0 Be6 14. f4 Nc4 15. Bxc4 Bxc4 16. f5 f6 17. Nd5 Bxd5 18. Qxd5 fxg5 19. Rdg1 Qc7 20. Rxg5 Rc8 21. c3 Qc6 22. Qe6 Qd7 23. Rxg7 1-0

[Event "CZE-ch Betsys Online Blitz"]
[Site "Chess.com INT"]
[Date "2021.04.17"]
[Round "1"]
[White "Andrle, Filip"]
[Black "Krizek, Krystof"]
[Result "0-1"]
[WhiteElo "1503"]
[BlackElo "2007"]
[PlyCount "42"]
[EventDate "2021.04.17"]
[EventType "swiss (blitz)"]
[EventRounds "13"]
[EventCountry "CZE"]
[SourceTitle "CBM 201 Extra"]
[Source "ChessBase"]
[SourceDate "2021.05.31"]
[SourceVersion "1"]
[SourceVersionDate "2021.05.31"]
[SourceQuality "1"]

1. e4 g6 2. d4 d5 3. e5 c5 4. c3 Nc6 5. f4 Nh6 6. Nf3 Bg4 7. h3 Bxf3 8. gxf3 e6 9. Be3 Qh4+ 10. Kd2 Nf5 11. Bb5 Nxe3 12. Kxe3 Bh6 13. Re1 Qxf4+ 14. Kd3 cxd4 15. Bxc6+ bxc6 16. cxd4 0-0 17. Nd2 Rab8 18. Nb3 c5 19. Nxc5 Rxb2 20. Re2 Qxf3+ 21. Re3 Qxe3# 0-1

[Event "CZE-ch Betsys Online Blitz"]
[Site "Chess.com INT"]
[Date "2021.04.17"]
[Round "5"]
[White "Krizek, Krystof"]
[Black "Langner, Ladislav"]
[Result "1-0"]
[WhiteElo "2007"]
[BlackElo "2380"]
[PlyCount "55"]
[EventDate "2021.04.17"]
[EventType "swiss (blitz)"]
[EventRounds "13"]
[EventCountry "CZE"]
[SourceTitle "CBM 201 Extra"]
[Source "ChessBase"]
[SourceDate "2021.05.31"]
[SourceVersion "1"]
[SourceVersionDate "2021.05.31"]
[SourceQuality "1"]

1. d4 Nf6 2. Nf3 g6 3. e3 Bg7 4. Bd3 d5 5. b3 c5 6. Bb2 b6 7. Ne5 0-0 8. h4 Bg4 9. Nxg4 Nxg4 10. Qxg4 Nc6 11. Nd2 e5 12. h5 cxd4 13. exd4 e4 14. Be2 Nxd4 15. Bxd4 Bxd4 16. Rd1 f5 17. Qh3 g5 18. 0-0 Rc8 19. c4 Be5 20. Nxe4 g4 21. Bxg4 fxg4 22. Qxg4+ Kh8 23. Rxd5 Qe7 24. Ng5 Rg8 25. Rxe5 Qf6 26. Rf5 Qe7 27. Qd4+ Rg7 28. h6 1-0

[Event "CZE-ch Betsys Online Blitz"]
[Site "Chess.com INT"]
[Date "2021.04.17"]
[Round "2"]
[White "Krizek, Krystof"]
[Black "Pulpan, Jakub"]
[Result "0-1"]
[WhiteElo "2007"]
[BlackElo "2405"]
[PlyCount "40"]
[EventDate "2021.04.17"]
[EventType "swiss (blitz)"]
[EventRounds "13"]
[EventCountry "CZE"]
[SourceTitle "CBM 201 Extra"]
[Source "ChessBase"]
[SourceDate "2021.05.31"]
[SourceVersion "1"]
[SourceVersionDate "2021.05.31"]
[SourceQuality "1"]

1. Nf3 Nf6 2. g3 b6 3. d4 Bb7 4. Bg2 c5 5. 0-0 cxd4 6. Qxd4 e6 7. c4 d6 8. Nc3 Be7 9. e4 Nbd7 10. Be3 0-0 11. Rad1 a6 12. Qd3 Qc7 13. b4 Rac8 14. Bf4 Qxc4 15. e5 Qxc3 16. exf6 Qxd3 17. Rxd3 Nxf6 18. Bxd6 Rfd8 19. Rfd1 Rxd6 20. Rxd6 Bxd6 0-1

[Event "CZE-ch Betsys Online Blitz"]
[Site "Chess.com INT"]
[Date "2021.04.17"]
[Round "9"]
[White "Szotkowski, Jakub"]
[Black "Krizek, Krystof"]
[Result "1-0"]
[WhiteElo "2366"]
[BlackElo "2007"]
[PlyCount "39"]
[EventDate "2021.04.17"]
[EventType "swiss (blitz)"]
[EventRounds "13"]
[EventCountry "CZE"]
[SourceTitle "CBM 201 Extra"]
[Source "ChessBase"]
[SourceDate "2021.05.31"]
[SourceVersion "1"]
[SourceVersionDate "2021.05.31"]
[SourceQuality "1"]

1. d4 Nf6 2. c4 e6 3. g3 Be7 4. Bg2 d5 5. Nf3 0-0 6. 0-0 b6 7. Qc2 Bb7 8. cxd5 Nxd5 9. a3 Nf6 10. Nc3 Nbd7 11. e4 Qc8 12. Bf4 c5 13. d5 exd5 14. exd5 Nxd5 15. Bd2 N7f6 16. Rfe1 Re8 17. Ng5 Nxc3 18. Bxc3 Bxg2 19. Bxf6 g6 20. Bxe7 1-0

[Event "Vsetin op 45th"]
[Site "Vsetin"]
[Date "2020.07.10"]
[Round "9"]
[White "Krizek, Krystof"]
[Black "Dolezal, Karel1111"]
[Result "1-0"]
[WhiteElo "1898"]
[BlackElo "1953"]
[PlyCount "77"]
[EventDate "2020.07.04"]
[EventType "swiss"]
[EventRounds "9"]
[EventCountry "CZE"]
[SourceTitle "CBM 197 Extra"]
[Source "ChessBase"]
[SourceDate "2020.09.30"]
[SourceVersion "1"]
[SourceVersionDate "2020.09.30"]
[SourceQuality "1"]

1. e4 g6 2. d4 d6 3. Nc3 Bg7 4. Be3 c6 5. Qd2 Qa5 6. f3 e6 7. h4 h5 8. Nh3 e5 9. d5 Bxh3 10. Rxh3 c5 11. 0-0-0 a6 12. g4 hxg4 13. fxg4 Nf6 14. g5 Nh5 15. Be2 b5 16. Bxh5 Rxh5 17. Rf1 Ra7 18. Qf2 Re7 19. Rf3 Qc7 20. Ne2 a5 21. Ng3 Rh8 22. h5 Rg8 23. Rh1 Nd7 24. Nf1 gxh5 25. Ng3 Nf8 26. Nf5 Rd7 27. Rxh5 Ng6 28. Rh7 Kf8 29. Nxd6 Rxd6 30. Bxc5 Nf4 31. g6 f6 32. Rc3 Nxg6 33. Bxd6+ Qxd6 34. Rc8+ Kf7 35. Rc6 Qd8 36. Qa7+ Kf8 37. Rb6 Ne7 38. Rb8 Nc8 39. Qb7 1-0

[Event "Vsetin op 45th"]
[Site "Vsetin"]
[Date "2020.07.06"]
[Round "4"]
[White "Rut, Vojtech"]
[Black "Krizek, Krystof"]
[Result "0-1"]
[WhiteElo "2098"]
[BlackElo "1898"]
[PlyCount "42"]
[EventDate "2020.07.04"]
[EventType "swiss"]
[EventRounds "9"]
[EventCountry "CZE"]
[SourceTitle "CBM 197 Extra"]
[Source "ChessBase"]
[SourceDate "2020.09.30"]
[SourceVersion "1"]
[SourceVersionDate "2020.09.30"]
[SourceQuality "1"]

1. d4 d5 2. Bf4 c5 3. e3 Nc6 4. c3 Qb6 5. Qb3 c4 6. Qc2 e5 7. dxe5 Bf5 8. Qc1 g5 9. Bxg5 Nxe5 10. Nd2 f6 11. Bf4 Ne7 12. Bxe5 fxe5 13. e4 Bxe4 14. Nxe4 dxe4 15. Bxc4 0-0-0 16. Ne2 Bh6 17. Qc2 Bd2+ 18. Kd1 Nf5 19. Qxe4 Bxc3+ 20. Bd3 Rxd3+ 21. Qxd3 Rd8 0-1

[Event "CZE-chT2A 1920"]
[Site "Czech Republic"]
[Date "2020.02.23"]
[Round "9.7"]
[White "Doring, Robert"]
[Black "Krizek, Krystof"]
[Result "1-0"]
[WhiteElo "2150"]
[BlackElo "1947"]
[PlyCount "55"]
[EventDate "2019.10.13"]
[EventType "team-tourn"]
[EventRounds "11"]
[EventCountry "CZE"]
[SourceTitle "EXT 2024"]
[Source "ChessBase"]
[SourceDate "2023.10.10"]
[SourceVersion "1"]
[SourceVersionDate "2023.10.10"]
[SourceQuality "1"]
[WhiteTeam "Praha Bohemians"]
[BlackTeam "Vlasim II"]
[WhiteTeamCountry "CZE"]
[BlackTeamCountry "CZE"]

1. e4 e5 2. Nf3 Nc6 3. d4 exd4 4. Nxd4 Bc5 5. Be3 Qf6 6. c3 Qg6 7. Qe2 Nge7 8. Nb5 Bd6 9. Nd2 a6 10. Nxd6+ Qxd6 11. g3 0-0 12. Bf4 Qg6 13. Bxc7 Re8 14. 0-0-0 d5 15. Bg2 Be6 16. f4 Rac8 17. Bb6 d4 18. c4 d3 19. Qxd3 Nb4 20. Qb3 Bxc4 21. Nxc4 Qxb6 22. Kb1 Qc5 23. Nd6 a5 24. Nxc8 Nxc8 25. a3 Qf2 26. Bh3 Nc6 27. Bxc8 Nd4 28. Rxd4 1-0

[Event "Ricany op-A"]
[Site "Ricany"]
[Date "2019.08.30"]
[Round "8"]
[White "Hejsek, Lukas"]
[Black "Krizek, Krystof"]
[Result "1/2-1/2"]
[WhiteElo "1948"]
[BlackElo "1984"]
[PlyCount "44"]
[EventDate "2019.08.24"]
[EventType "swiss"]
[EventRounds "9"]
[EventCountry "CZE"]
[SourceTitle "EXT 2020"]
[Source "ChessBase"]
[SourceDate "2019.10.17"]
[SourceVersion "1"]
[SourceVersionDate "2019.10.17"]
[SourceQuality "1"]

1. d4 d5 2. Nf3 Nf6 3. g3 e6 4. Bg2 b5 5. 0-0 Bb7 6. b3 Be7 7. c4 bxc4 8. bxc4 dxc4 9. Na3 Nbd7 10. Nxc4 c5 11. Qa4 0-0 12. Na5 Bd5 13. Ba3 cxd4 14. Bxe7 Qxe7 15. Qxd4 Rfd8 16. Rfc1 Nb6 17. Qf4 Rdc8 18. Ne5 Bxg2 19. Kxg2 Nfd5 20. Qf3 Rxc1 21. Rxc1 Rf8 22. Nac6 Qg5 1/2-1/2

[Event "Ricany op-A"]
[Site "Ricany"]
[Date "2019.08.29"]
[Round "7"]
[White "Krizek, Krystof"]
[Black "Skala, Jaromir"]
[Result "1/2-1/2"]
[WhiteElo "1984"]
[BlackElo "1899"]
[PlyCount "100"]
[EventDate "2019.08.24"]
[EventType "swiss"]
[EventRounds "9"]
[EventCountry "CZE"]
[SourceTitle "EXT 2020"]
[Source "ChessBase"]
[SourceDate "2019.10.17"]
[SourceVersion "1"]
[SourceVersionDate "2019.10.17"]
[SourceQuality "1"]

1. e4 e5 2. Nf3 Nc6 3. Bc4 Nf6 4. d3 Be7 5. 0-0 0-0 6. Bb3 d5 7. exd5 Nxd5 8. Re1 Bf6 9. Nbd2 Nf4 10. Ne4 Ng6 11. Nxf6+ Qxf6 12. h3 Nd4 13. Nxd4 exd4 14. c3 Bf5 15. Bc4 dxc3 16. bxc3 Ne5 17. Bg5 Qxg5 18. Rxe5 Rae8 19. Rxe8 Rxe8 20. Qf3 h5 21. d4 c6 22. a4 Qg6 23. Rf1 a5 24. Qg3 Qxg3 25. fxg3 g6 26. Bxf7+ Kxf7 27. g4 hxg4 28. hxg4 Re3 29. gxf5 Rxc3 30. Rb1 b5 31. axb5 cxb5 32. Rxb5 a4 33. fxg6+ Kxg6 34. Ra5 a3 35. d5 Rd3 36. Ra6+ Kg7 37. d6 a2 38. Rxa2 Rxd6 39. Kf2 Rf6+ 40. Kg1 Kg8 41. Ra4 Rf8 42. g4 Rb8 43. Kg2 Rb2+ 44. Kg3 Rb3+ 45. Kh4 Rb8 46. Ra6 Rc8 47. Kh5 Rc5+ 48. Kh6 Rc8 49. Rg6+ Kh8 50. g5 Ra8 1/2-1/2

[Event "Ricany op-A"]
[Site "Ricany"]
[Date "2019.08.28"]
[Round "6"]
[White "Ocelak, Jakub"]
[Black "Krizek, Krystof"]
[Result "0-1"]
[WhiteElo "1781"]
[BlackElo "1984"]
[PlyCount "140"]
[EventDate "2019.08.24"]
[EventType "swiss"]
[EventRounds "9"]
[EventCountry "CZE"]
[SourceTitle "EXT 2020"]
[Source "ChessBase"]
[SourceDate "2019.10.17"]
[SourceVersion "1"]
[SourceVersionDate "2019.10.17"]
[SourceQuality "1"]

1. e4 e5 2. Bc4 Nf6 3. d3 Nc6 4. Nf3 Be7 5. Nc3 d6 6. h3 a6 7. Bg5 Na5 8. Bb3 h6 9. Bxf6 Bxf6 10. Qd2 Nxb3 11. axb3 Be6 12. 0-0 0-0 13. Ne2 c5 14. Ra5 b6 15. Ra3 Be7 16. g4 h5 17. Nh2 d5 18. exd5 Bxd5 19. Ra4 Bc6 20. Raa1 Qd5 21. f3 f5 22. gxh5 e4 23. Nc3 Qd4+ 24. Qf2 e3 25. Qe2 Bd6 26. Rae1 Bg3 27. Rb1 Rae8 28. Kh1 Qf4 29. h6 Bxh2 30. hxg7 Rf7 31. Qxh2 Bxf3+ 32. Rxf3 Qxf3+ 33. Qg2 Qxg2+ 34. Kxg2 Rxg7+ 35. Kf3 Rh7 36. Rh1 Re5 37. Ne2 Kf7 38. Kf4 Kf6 39. h4 Rg7 40. Kf3 Re8 41. Nf4 Rd7 42. Re1 Re5 43. Re2 Rh7 44. h5 Rh6 45. Rxe3 Rxe3+ 46. Kxe3 Kg5 47. Kf3 Rd6 48. Ke3 Kg4 49. c4 a5 50. Nd5 Re6+ 51. Kf2 f4 52. Nc3 Rd6 53. Nd5 Rh6 54. Kg2 Kg5 55. Kf3 Rxh5 56. Nxf4 Rh2 57. Ng2 Kf5 58. Ne3+ Ke6 59. Ng2 Ke5 60. Kg3 Rxg2+ 61. Kxg2 Kd4 62. Kf3 Kxd3 63. Kf4 Kc2 64. Ke5 Kxb3 65. Kd5 Kxb2 66. Kc6 a4 67. Kxb6 a3 68. Kxc5 a2 69. Kb6 a1Q 70. c5 Qg1 0-1

[Event "Ricany op-A"]
[Site "Ricany"]
[Date "2019.08.26"]
[Round "4"]
[White "Svatos, Jan"]
[Black "Krizek, Krystof"]
[Result "1-0"]
[WhiteElo "2232"]
[BlackElo "1984"]
[PlyCount "39"]
[EventDate "2019.08.24"]
[EventType "swiss"]
[EventRounds "9"]
[EventCountry "CZE"]
[SourceTitle "EXT 2020"]
[Source "ChessBase"]
[SourceDate "2019.10.17"]
[SourceVersion "1"]
[SourceVersionDate "2019.10.17"]
[SourceQuality "1"]

1. d4 d5 2. c4 e6 3. Nc3 Nf6 4. Bg5 Be7 5. e3 h6 6. Bh4 0-0 7. Qc2 b6 8. 0-0-0 Bb7 9. f3 Qc8 10. e4 dxc4 11. Bxc4 c5 12. d5 Nxd5 13. exd5 Bxh4 14. dxe6 fxe6 15. Qg6 Bf6 16. Ne4 Bd5 17. Rxd5 Nd7 18. Rd6 Ne5 19. Nxf6+ Rxf6 20. Qxf6 1-0

[Event "Vsetin op 44th"]
[Site "Vsetin"]
[Date "2019.07.06"]
[Round "9"]
[White "Mica, Marek"]
[Black "Krizek, Krystof"]
[Result "1-0"]
[WhiteElo "2222"]
[BlackElo "1905"]
[PlyCount "81"]
[EventDate "2019.06.29"]
[EventType "swiss"]
[EventRounds "9"]
[EventCountry "CZE"]
[SourceTitle "CBM 191 Extra"]
[Source "ChessBase"]
[SourceDate "2019.09.30"]
[SourceVersion "1"]
[SourceVersionDate "2019.09.30"]
[SourceQuality "1"]

1. d4 d5 2. c4 e6 3. Nc3 Nf6 4. Nf3 Be7 5. Bg5 h6 6. Bxf6 Bxf6 7. e3 0-0 8. Qc2 dxc4 9. Bxc4 a6 10. 0-0 b5 11. Bd3 Bb7 12. Be4 Bxe4 13. Nxe4 Be7 14. Rac1 Ra7 15. Ne5 Bd6 16. f4 Qe7 17. Rf3 f5 18. Ng6 Qf7 19. Nxd6 Qxg6 20. Qc5 Nc6 21. Qxc6 cxd6 22. Qxd6 Qf7 23. Rc6 e5 24. fxe5 Qxa2 25. Qe6+ Qxe6 26. Rxe6 a5 27. Rb6 b4 28. e6 g6 29. d5 Rc8 30. d6 Rc1+ 31. Rf1 Rxf1+ 32. Kxf1 Ra8 33. Ke2 Kg7 34. d7 Kf6 35. Rc6 Rd8 36. Rc8 Ke7 37. Rxd8 Kxd8 38. Kd3 g5 39. Kc4 a4 40. Kxb4 h5 41. Kc5 1-0

[Event "Vsetin op 44th"]
[Site "Vsetin"]
[Date "2019.06.30"]
[Round "2"]
[White "Mudrak, Josef"]
[Black "Krizek, Krystof"]
[Result "1/2-1/2"]
[WhiteElo "2225"]
[BlackElo "1905"]
[PlyCount "111"]
[EventDate "2019.06.29"]
[EventType "swiss"]
[EventRounds "9"]
[EventCountry "CZE"]
[SourceTitle "CBM 191 Extra"]
[Source "ChessBase"]
[SourceDate "2019.09.30"]
[SourceVersion "1"]
[SourceVersionDate "2019.09.30"]
[SourceQuality "1"]

1. d4 d5 2. Nf3 Nf6 3. g3 e6 4. Bg2 Be7 5. 0-0 0-0 6. b3 b6 7. Ne5 Bb7 8. c4 c6 9. Bb2 Nbd7 10. Nd2 a5 11. Rc1 Ra7 12. cxd5 cxd5 13. Nc6 Bxc6 14. Rxc6 Rc7 15. Rxc7 Qxc7 16. Qb1 Rc8 17. Rc1 Qb7 18. a3 b5 19. e3 b4 20. a4 Nb6 21. Bf1 Rxc1 22. Qxc1 Qc8 23. Qb1 Qb7 24. Bd3 Nc8 25. f3 g6 26. g4 Ne8 27. Nf1 Ncd6 28. Kg2 f5 29. Ng3 Nf6 30. h3 Bf8 31. g5 Nfe8 32. Ne2 Qe7 33. h4 h6 34. f4 h5 35. Nc1 Qc7 36. Be2 Ne4 37. Nd3 Bg7 38. Ne5 Kh7 39. Qd1 Nc3 40. Bxc3 Qxc3 41. Qd3 Bxe5 42. dxe5 Qe1 43. Qc2 Qc3 44. Qxc3 bxc3 45. Bd1 Nc7 46. Kf2 Na6 47. Ke1 Nb4 48. Be2 Kg7 49. Kd1 Kf7 50. Kc1 Ke7 51. Bb5 Kf7 52. Be2 Ke7 53. Bb5 Kf7 54. Be2 Ke7 55. Bb5 Kf7 56. Be2 1/2-1/2

[Event "CZE-chT U18 Extraliga final-A 1819"]
[Site "Czech Republic"]
[Date "2019.04.13"]
[Round "10.5"]
[White "Ret, Adam Josef"]
[Black "Krizek, Krystof"]
[Result "1/2-1/2"]
[WhiteElo "1859"]
[BlackElo "1675"]
[PlyCount "74"]
[EventDate "2018.10.05"]
[EventType "team-tourn"]
[EventRounds "11"]
[EventCountry "CZE"]
[SourceTitle "EXT 2023"]
[Source "ChessBase"]
[SourceDate "2022.10.05"]
[SourceVersion "1"]
[SourceVersionDate "2022.10.05"]
[SourceQuality "1"]
[WhiteTeam "Praha Porg (U18)"]
[BlackTeam "Vlasim (U18)"]
[WhiteTeamCountry "CZE"]
[BlackTeamCountry "CZE"]

1. d4 d5 2. Bf4 c5 3. e3 Nc6 4. c3 Qb6 5. Qe2 Bf5 6. dxc5 Qxc5 7. Qb5 Qb6 8. Qxb6 axb6 9. Na3 e5 10. Nb5 Kd7 11. Bg3 Bd6 12. Nxd6 Kxd6 13. Nf3 f6 14. h4 Nge7 15. a3 Be4 16. Nd2 Bg6 17. Be2 h5 18. f3 Rhd8 19. Kf2 Nf5 20. Rh3 Ke7 21. Rd1 d4 22. cxd4 exd4 23. e4 Nd6 24. Bxd6+ Rxd6 25. Nc4 Bf7 26. Nxd6 Kxd6 27. Bb5 Kc5 28. Bxc6 bxc6 29. f4 Ra4 30. Rhd3 g6 31. R1d2 f5 32. b4+ Kb5 33. Rxd4 fxe4 34. Rxe4 Rxa3 35. Rb2 Rd3 36. Re5+ Ka4 37. Re7 Bd5 1/2-1/2